000
00250nam a2200085Ia 4500
008
220204s9999 xx 000 0 und d
082
_a
35:330(047)
_b
KER
245
0
_a
Kerala Administrative Reorganisation and economy committee report 1965-67
942
_c
BK
999
_c
20755
_d
20755